000 00524nam a2200217Ia 4500
003 OSt
005 20221005115017.0
006 a|||||r|||| 00| 0
007 ta
008 221004b |||||||| |||| 00| 0 eng d
024 _a52380
037 _cTextual
040 _aCRL
_cCRL
_beng
041 _2eng
_aeng
082 _aQ60R, J2
245 0 _aBiblical religion and the search for ultimate reality
260 _c1952
650 _aRELIGION
942 _hQ60R, J2
_cTEXL
_2cc
999 _c1033154
_d1033154